LEADER 01113nam a2200265 i 4500 001 000000131211 003 CaOOAMICUS 005 20070226000000.0 008 070226s1981 it u000 u ita u 013 $a104068 040 $aSeMil$bita 100 1 $aLaufer, Moses.$0(OLS)http://semarc/name/54228 240 10$aAdolescent disturbance and breakdown.$0(OLS)http://semarc/title/193094 245 10$aPsicopatie e depressioni nell'adolescenza /$cMoses Laufer. 260 $aRoma :$bA. Armando,$ccopyr. 1981. 300 $a95 p. ;$c22 cm. 490 0 $aCollana medico-pedagogica ;$v87 650 4$aDepressione - Psicologia.$0(OLS)http://semarc/subject/17144 650 4$aPsicopatie - Adolescenza.$0(OLS)http://semarc/subject/13692 830 0$aCollana medico-pedagogica ;$v87.$0(OLS)http://semarc/title/22064 850 $aSeMil 852 $aSeMil$W1$xVenegono$y1$m2Q II 66$j85194$B85194$CSeMilBibl$Z2$F121512 $81 961 $aOmaggio: Altro 996 $6245$aPsicopatie e depressioni nell'adolescenza$9(OLS)http://semarc/title/193093 996 $6260$aRoma :$bA. Armando$9(OLS)http://semarc/publisher/30005 LEADER 01513nam a2200301 i 4500 001 000000077723 003 CaOOAMICUS 005 20251217114959.0 008 110124s2001 it u000 u ita u 013 $a48897 020 $a3-402-04064-6 040 $aSeMil$bita 100 1 $aCarmassi, Patrizia.$0(OLS)http://semarc/name/38210 245 10$aLibri liturgici e istituzioni ecclesiastiche a Milano in età medioevale :$bstudio sulla formazione del lezionario ambrosiano /$cPatrizia Carmassi. 260 $aMünster :$bAschendorff,$c2001. 300 $a439 p. ;$c23 cm. 490 0 $aLiturgiewissenschaftliche Quellen und Forschungen ;$v85 650 4$aLezionario ambrosiano - Commenti e studi.$0(OLS)http://semarc/subject/41865 650 4$aLiturgia ambrosiana - Storia.$0(OLS)http://semarc/subject/2635 650 4$aLibri liturgici - Storia - Medioevo.$0(OLS)http://semarc/subject/7262 830 0$aLiturgiewissenschaftliche Quellen und Forschungen ;$v85.$0(OLS)http://semarc/title/188 850 $aSeMil 852 $aSeMil$W1$xVenegono$y1$m3KA D 85$j223622$B43875$CSeMilBibl$Z2$F70506 $81 961 $aSottoscrizione: Aschendorff 996 $6020$a3-402-04064-6$9(OLS)http://semarc/number/59629 996 $6245$aLibri liturgici e istituzioni ecclesiastiche a Milano in età medioevale :$bstudio sulla formazione del lezionario ambrosiano$9(OLS)http://semarc/title/126267 996 $6260$aMünster :$bAschendorff$9(OLS)http://semarc/publisher/29674